Trumpworld the art of being the donald

Saved in:
Bibliographic Details
Format: Book
Tags: Add Tag
No Tags, Be the first to tag this record!
Call Number :

MARC

LEADER 00000pam a2200000 4500
001 20448
003 MY-KLNDU
005 20241218080430.0
020 0 0 |a 0446696838 
035 |a 0000032538 
039 9 |a 200911181127  |b VLOAD  |y 200910091658  |z VLOAD 
245 1 0 |a Trumpworld  |b the art of being the donald 
591 |a 0000003128  |b 21/08/08  |c 0197-07  |d 1  |e RM69.9  |f 1  |g 69.9  |h FARANA BOOKS RESOURCES 
999 |a vtls000030271  |c 20448  |d 20448